Émissions TV par images - Statistiques

Statistiques générales
  • Ce quiz a été pris 577 fois
  • Le résultat moyen est 28 sur 50
Statistiques - réponses
Par images Réponse % Correct
Fort Boyard
92%
Koh-Lanta
90%
Les 12 coups de midi
90%
Pékin Express
89%
Top chef
88%
Le meilleur pâtissier
87%
N'oubliez pas les paroles
86%
The Voice
75%
La roue de la fortune
74%
Les Z'amours
74%
Star Academy
73%
Qui veut gagner des millions
72%
Le juste prix
70%
Motus
70%
Un dîner presque parfait
70%
La France a un incroyable talent
69%
Money drop
69%
Master chef
67%
Questions pour un champion
66%
Bigdil
65%
Danse avec les stars
65%
Secret Story
64%
Slam
64%
Des chiffres et des lettres
61%
L'amour est dans le pré
61%
Vendredi tout est permis
59%
4 mariages pour une lune de miel
58%
Burger quizz
56%
In ze boite
52%
Marié au premier regard
50%
La carte au trésor
49%
Ninja Warior
47%
L'école des fans
46%
Le maillon faible
45%
Les traîtres
45%
Tout le monde veut prendre sa place
45%
100% logique
43%
Attention à la marche
42%
Une famille en or
42%
La nouvelle star
40%
Lego Masters
36%
Tahiti Quest
34%
The Voice kids
34%
The Wall
31%
Moundir et les apprentis aventuriers
25%
Strike
24%
Mon incroyable fiancé
14%
Gladiators
9%
Qui est la taupe
8%
Duel en famille
7%
Aucun quiz correspondant
Distribution des résultats
% des personnes avec chaque résultat
Percentile par nombre de réponses
Votre historique - résultats
Vous n’avez pas pris ce quiz